[Event "Qatar Masters Open 2023"]
[Site "Doha QAT"]
[Date "2023.10.17"]
[Round "6.20"]
[White "Oparin, Grigoriy"]
[Black "Xiao, Tong(QD)"]
[Result "1-0"]
[WhiteTitle "GM"]
[WhiteElo "2681"]
[BlackElo "2476"]
[WhiteFideId "24125890"]
[BlackFideId "8622388"]
[EventDate "2023.10.11"]

1. e4 c5 2. Nc3 Nc6 3. Nge2 e5 4. Ng3 d6 5. Bc4 Nf6 6. d3 Be7 7. O-O O-O 8. f4
Bg4 9. Qe1 exf4 10. Bxf4 Be6 11. Nd5 Bxd5 12. Bxd5 Nxd5 13. exd5 Nb4 14. Nf5 Bf6
15. Qd2 Nxd5 16. Bxd6 Bd4+ 17. Nxd4 Qxd6 18. Nf5 Qd7 19. Rae1 Rae8 20. Re4 Ne7
21. Rxe7 Rxe7 22. Qc3 f6 23. Nxe7+ Qxe7 24. Re1 Qd6 25. Qc4+ Kh8 26. Re6 Qc7 27.
Qe4 Qf7 28. a4 b6 29. h3 f5 30. Qe5 Qh5 31. Kh2 h6 32. a5 bxa5 33. Qxc5 Re8 34.
Qe5 Rxe6 35. Qxe6 Qg5 36. Qe8+ Kh7 37. Qe5 Kh8 38. c4 Qd2 39. c5 Qxd3 40. c6 Kh7
41. c7 Qd7 42. Qc5 Qc8 43. Qd6 Qe8 44. Qc5 Qc8 45. Qxa7 Qf8 46. Qa6 1-0

[Event "Qatar Masters Open 2023"]
[Site "Doha QAT"]
[Date "2023.10.17"]
[Round "6.21"]
[White "Aravindh, Chithambaram VR."]
[Black "Nogerbek, Kazybek"]
[Result "1/2-1/2"]
[WhiteTitle "GM"]
[BlackTitle "IM"]
[WhiteElo "2649"]
[BlackElo "2471"]
[WhiteFideId "5072786"]
[BlackFideId "13710427"]
[EventDate "2023.10.11"]

1. Nf3 Nf6 2. g3 d5 3. Bg2 e6 4. O-O Be7 5. d4 b5 6. a4 b4 7. c4 bxc3 8. Nxc3
O-O 9. Bf4 c6 10. a5 Ba6 11. Qa4 Qc8 12. Rfb1 Nbd7 13. b4 Nh5 14. Bg5 Bxg5 15.
Nxg5 h6 16. Nf3 Nhf6 17. Qc2 Rb8 18. e3 Qc7 19. Rb2 Rb7 20. Rab1 Rfb8 21. Na4
Qd6 22. Nc5 Nxc5 23. bxc5 Qc7 24. Rxb7 Rxb7 25. Ne5 Nd7 26. Rxb7 Qxb7 27. Nxd7
Qxd7 28. Qb2 Qc7 29. Qb4 Bb5 30. f4 Qc8 1/2-1/2

[Event "Qatar Masters Open 2023"]
[Site "Doha QAT"]
[Date "2023.10.17"]
[Round "6.22"]
[White "Raja, Rithvik R"]
[Black "Mendonca, Leon Luke"]
[Result "1/2-1/2"]
[WhiteTitle "GM"]
[BlackTitle "GM"]
[WhiteElo "2495"]
[BlackElo "2622"]
[WhiteFideId "35007394"]
[BlackFideId "35028561"]
[EventDate "2023.10.11"]

1. e4 c5 2. Nf3 d6 3. Bb5+ Nd7 4. d4 cxd4 5. Nxd4 a6 6. Bd3 g6 7. c4 Bg7 8. Be3
Qb6 9. Nb3 Qc7 10. Qe2 Ne5 11. Nc3 Be6 12. Nd5 Bxd5 13. cxd5 Nxd3+ 14. Qxd3 Bxb2
15. Rb1 Bg7 16. O-O Nf6 17. Rfc1 Qd8 18. Nd2 Rc8 19. Qb3 b5 20. Qa3 O-O 21. Qxa6
Ra8 22. Qxb5 Rxa2 23. h3 Qa8 24. Qb7 Re8 25. Rc7 Bf8 26. Qxa8 Rexa8 27. g4 Ne8
28. Rcb7 f5 29. gxf5 gxf5 30. exf5 Nf6 31. R1b5 R2a5 32. Nc4 Rxb5 33. Rxb5 Ra4 1/2-1/2

[Event "Qatar Masters Open 2023"]
[Site "Doha QAT"]
[Date "2023.10.17"]
[Round "6.23"]
[White "Chandra, Akshat"]
[Black "Gupta, Abhijeet"]
[Result "1/2-1/2"]
[WhiteTitle "GM"]
[BlackTitle "GM"]
[WhiteElo "2486"]
[BlackElo "2609"]
[WhiteFideId "25006711"]
[BlackFideId "5010608"]
[EventDate "2023.10.11"]

1. e4 c5 2. Nf3 d6 3. Bb5+ Nd7 4. O-O a6 5. Bxd7+ Bxd7 6. c3 Nf6 7. Re1 e6 8. d4
cxd4 9. cxd4 Be7 10. Nc3 O-O 11. Bg5 h6 12. Bh4 Bc6 13. d5 exd5 14. exd5 Nxd5
15. Nxd5 Bxh4 16. Nxh4 Bxd5 17. Qxd5 Qxh4 18. Qxb7 Rab8 19. Qxa6 Rxb2 20. Re2
Qd4 21. Rxb2 Qxb2 22. Rd1 Qc2 23. Qxd6 Qxa2 24. g3 Qb3 25. Qd5 Qxd5 26. Rxd5 g6
27. h4 h5 28. Kg2 Kg7 29. Kg1 Re8 30. Kg2 Re6 31. Rd7 1/2-1/2

[Event "Qatar Masters Open 2023"]
[Site "Doha QAT"]
[Date "2023.10.17"]
[Round "6.24"]
[White "Vokhidov, Shamsiddin"]
[Black "Nitish, Belurkar"]
[Result "1-0"]
[WhiteTitle "GM"]
[BlackTitle "IM"]
[WhiteElo "2578"]
[BlackElo "2451"]
[WhiteFideId "14204223"]
[BlackFideId "5084768"]
[EventDate "2023.10.11"]

1. e4 e5 2. Nf3 Nc6 3. Bc4 Nf6 4. d3 Bc5 5. c3 d6 6. O-O O-O 7. Bg5 h6 8. Bh4
Bg4 9. h3 Be6 10. Nbd2 a6 11. b4 Bb6 12. a4 Qe7 13. Re1 g5 14. Bg3 Nh5 15. Bh2
Qf6 16. Bxe6 fxe6 17. Nc4 Ne7 18. d4 Ng6 19. Ra2 exd4 20. Nxb6 cxb6 21. Bxd6
Rfd8 22. e5 Qf7 23. Nxg5 hxg5 24. Qxh5 Nxe5 25. Qxg5+ Ng6 26. Be5 dxc3 27. Bxc3
Rd5 28. Qg4 Rf5 29. Rd2 Rc8 30. Rd7 1-0

[Event "Qatar Masters Open 2023"]
[Site "Doha QAT"]
[Date "2023.10.17"]
[Round "6.25"]
[White "Karthik, Venkataraman"]
[Black "Nitin, S."]
[Result "1-0"]
[WhiteTitle "GM"]
[BlackTitle "IM"]
[WhiteElo "2563"]
[BlackElo "2373"]
[WhiteFideId "25006479"]
[BlackFideId "5018277"]
[EventDate "2023.10.11"]

1. e4 c5 2. Nc3 e6 3. d4 cxd4 4. Qxd4 Nc6 5. Qe3 Nf6 6. Bd2 d5 7. exd5 Nxd5 8.
Qg3 Bd6 9. Qxg7 Be5 10. Qg4 Nxc3 11. bxc3 Qf6 12. Ne2 Qg6 13. Qa4 Bd7 14. Nf4
Qf6 15. Nh5 Qg6 16. Qh4 Rg8 17. O-O-O Qg4 18. Nf6+ Bxf6 19. Qxf6 Qg7 20. Qh4 Qg4
21. Qf6 Qg7 22. Qxg7 Rxg7 23. h4 Ne5 24. f3 f6 25. h5 Rc8 26. Rh4 a6 27. c4 b5
28. Bc3 Nxc4 29. Bxf6 Rf7 30. Bg5 Rf5 31. Bh6 Rcc5 32. Rg4 Rxh5 33. Rg8+ Kf7 34.
Rg7+ Kf6 35. Rxh7 Be8 36. g4 Bg6 37. Bg7+ Kf7 38. Rxh5 Bxh5 39. Bd4 1-0

[Event "Qatar Masters Open 2023"]
[Site "Doha QAT"]
[Date "2023.10.17"]
[Round "6.26"]
[White "Ohanyan, Emin"]
[Black "Parligras, Mircea-Emilian"]
[Result "1/2-1/2"]
[WhiteTitle "IM"]
[BlackTitle "GM"]
[WhiteElo "2474"]
[BlackElo "2561"]
[WhiteFideId "13312022"]
[BlackFideId "1204297"]
[EventDate "2023.10.11"]

1. d4 Nf6 2. c4 e6 3. Nf3 d5 4. Nc3 Bb4 5. Qa4+ Nc6 6. e3 O-O 7. Qc2 dxc4 8.
Bxc4 Bd6 9. O-O e5 10. h3 a6 11. a3 h6 12. Bd2 exd4 13. exd4 Ne7 14. Rfe1 Bf5
15. Qd1 c5 16. Be3 cxd4 17. Nxd4 Rc8 18. Qb3 Bg6 19. Rad1 Qc7 20. Be2 Rfd8 21.
Bf3 Rd7 22. Rc1 Qb8 23. Nce2 Rxc1 24. Rxc1 Ned5 25. Bd2 Ne4 26. Bxe4 Bxe4 27.
Ng3 Nf6 28. Nxe4 Nxe4 29. Be3 Bh2+ 30. Kh1 Bf4 31. Re1 Qe5 32. Nf3 Qf5 33. Kg1
Bxe3 34. Qxe3 Nf6 35. Qc3 1/2-1/2

[Event "Qatar Masters Open 2023"]
[Site "Doha QAT"]
[Date "2023.10.17"]
[Round "6.27"]
[White "Adhiban, Baskaran"]
[Black "Pham Tran Gia Phuc"]
[Result "1-0"]
[WhiteTitle "GM"]
[BlackTitle "FM"]
[WhiteElo "2551"]
[BlackElo "2384"]
[WhiteFideId "5018471"]
[BlackFideId "12415669"]
[EventDate "2023.10.11"]

1. e4 e5 2. Nf3 Nc6 3. Bb5 Nf6 4. O-O Nxe4 5. d4 Nd6 6. Bxc6 dxc6 7. dxe5 Nf5 8.
Qxd8+ Kxd8 9. Rd1+ Ke8 10. Nc3 h5 11. Bg5 Be7 12. Ne2 Be6 13. Nf4 Rd8 14. Rxd8+
Kxd8 15. Rd1+ Ke8 16. Nxe6 fxe6 17. g3 Bxg5 18. Nxg5 Ke7 19. Kg2 c5 20. c3 a5
21. a4 b6 22. Nh3 Rh6 23. Kf3 Ke8 24. Ke4 Ne7 25. Ng5 Nc6 26. f4 Ne7 27. Rd2 Rg6
28. Rd3 Nc6 29. h3 Ke7 30. h4 Rh6 31. f5 exf5+ 32. Kxf5 Rh8 33. Re3 Rh6 34. Rd3
Rh8 35. Re3 Rh6 36. Nh3 Nd8 37. Nf4 Ne6 38. Rd3 Nxf4 39. gxf4 Re6 40. Rg3 Kf7
41. Rxg7+ Kxg7 42. Kxe6 1-0

[Event "Qatar Masters Open 2023"]
[Site "Doha QAT"]
[Date "2023.10.17"]
[Round "6.28"]
[White "Lalit Babu M R"]
[Black "Ashraf, Artin"]
[Result "1/2-1/2"]
[WhiteTitle "GM"]
[BlackTitle "FM"]
[WhiteElo "2547"]
[BlackElo "2340"]
[WhiteFideId "5024595"]
[BlackFideId "22514805"]
[EventDate "2023.10.11"]

1. d4 Nf6 2. Nf3 e6 3. c4 d5 4. g3 h6 5. Bg2 Bd6 6. O-O O-O 7. Qc2 b6 8. c5 bxc5
9. dxc5 Be7 10. b4 c6 11. a4 Na6 12. Bd2 Rb8 13. Ne5 Qc7 14. Nd3 e5 15. b5 cxb5
16. axb5 Bxc5 17. Qa4 e4 18. Nf4 Qe5 19. bxa6 Bd7 20. Qa2 Bd4 21. Bc3 Bxc3 22.
Nxc3 Qxc3 23. Nxd5 Nxd5 24. Qxd5 Bc6 25. Qd6 Rbd8 26. Qf4 Qd2 27. Qc7 Qd7 28.
Qf4 Qd2 29. Qc7 Qd7 30. Qf4 Qd2 1/2-1/2

[Event "Qatar Masters Open 2023"]
[Site "Doha QAT"]
[Date "2023.10.17"]
[Round "6.29"]
[White "Assaubayeva, Bibisara"]
[Black "Visakh, N R"]
[Result "0-1"]
[WhiteTitle "IM"]
[BlackTitle "GM"]
[WhiteElo "2469"]
[BlackElo "2547"]
[WhiteFideId "13708694"]
[BlackFideId "25012223"]
[EventDate "2023.10.11"]

1. c4 e6 2. Nc3 d5 3. d4 Nf6 4. Nf3 dxc4 5. e4 b5 6. e5 Nd5 7. Nxb5 Nb6 8. Be2
Nc6 9. O-O Be7 10. Qd2 O-O 11. Qf4 Kh8 12. Rd1 Nb4 13. Qg4 Rb8 14. Nc3 Bb7 15.
Ne4 f5 16. exf6 gxf6 17. Nc5 Bd5 18. Nxe6 Rg8 19. Qh3 Qd7 20. Nf4 Qxh3 21. Nxh3
Nc2 22. Rb1 Be4 23. Bd2 Nd5 24. Nf4 Nxf4 25. Bxf4 Nb4 26. Ra1 Nd3 27. Bg3 Rxb2
28. Nd2 Bd5 29. Bf1 c3 30. Bxd3 cxd2 31. Kf1 Bb4 32. f3 Re8 33. Bh4 Kg7 34. Bf2
Bxa2 35. Bb5 Re7 36. Ba4 Bc4+ 37. Kg1 Be2 38. Rdb1 Rxb1+ 39. Rxb1 Bd3 0-1

[Event "Qatar Masters Open 2023"]
[Site "Doha QAT"]
[Date "2023.10.17"]
[Round "6.30"]
[White "Fawzy, Adham"]
[Black "Laxman, R.R."]
[Result "1-0"]
[WhiteTitle "GM"]
[BlackTitle "GM"]
[WhiteElo "2535"]
[BlackElo "2322"]
[WhiteFideId "10613129"]
[BlackFideId "5005361"]
[EventDate "2023.10.11"]

1. e4 e5 2. Nf3 Nc6 3. Bb5 Nf6 4. O-O Nxe4 5. Re1 Nd6 6. Nxe5 Be7 7. Bf1 Nxe5 8.
Rxe5 O-O 9. d4 Bf6 10. Re1 Re8 11. Rxe8+ Nxe8 12. d5 d6 13. Nd2 Bg5 14. Nc4 Bxc1
15. Rxc1 Qg5 16. Ne3 f5 17. c4 f4 18. Nc2 Bd7 19. Qd2 Nf6 20. Nd4 Ne4 21. Qc2
Re8 22. Re1 Nf6 23. Rxe8+ Nxe8 24. c5 dxc5 25. Qxc5 Qe5 26. Ne6 Qd6 27. Qxa7 b6
28. Qa8 c5 29. Qd8 h6 30. Nxf4 Qxf4 31. Qxd7 Nd6 32. Qd8+ Kf7 33. g3 Qe5 34.
Qxb6 Qxd5 35. b3 Qd4 36. Qd8 Kg6 37. a4 1-0

[Event "Qatar Masters Open 2023"]
[Site "Doha QAT"]
[Date "2023.10.17"]
[Round "6.31"]
[White "Baskin, Robert"]
[Black "Yilmazyerli, Mert"]
[Result "1/2-1/2"]
[WhiteTitle "IM"]
[BlackTitle "GM"]
[WhiteElo "2451"]
[BlackElo "2533"]
[WhiteFideId "24662402"]
[BlackFideId "6305962"]
[EventDate "2023.10.11"]

1. e4 e5 2. Nf3 Nc6 3. Bb5 Nf6 4. O-O Nxe4 5. Re1 Nd6 6. Nxe5 Be7 7. Bf1 Nxe5 8.
Rxe5 O-O 9. d4 Bf6 10. Re1 Re8 11. Bf4 Rxe1 12. Qxe1 Ne8 13. Nc3 d6 14. Bd3 Be6
15. d5 Bxc3 16. Qxc3 Bxd5 17. Bxh7+ Kxh7 18. Qd3+ Kg8 19. Qxd5 c6 20. Qd4 d5 21.
Re1 Nc7 22. Bxc7 Qxc7 23. h4 Qd6 24. Re3 c5 25. Qe5 Rd8 26. Qxd6 Rxd6 27. Re8+
Kh7 28. Re7 Rb6 29. b3 f6 30. Rd7 d4 31. Rc7 Ra6 32. a4 d3 33. Rxc5 dxc2 34.
Rxc2 Rb6 35. Rc3 Rb4 36. g3 a5 37. Rc5 Rxb3 38. Rxa5 Ra3 39. Kg2 b5 40. Rxb5
Rxa4 41. Kf3 Kh6 42. g4 Ra3+ 43. Kg2 Rc3 44. f3 Ra3 45. Kg3 Rc3 46. Rb8 Kh7 47.
Re8 Ra3 48. h5 Rb3 49. Kf4 Rb5 50. Rd8 Ra5 51. Ke4 Re5+ 52. Kd3 Re1 53. Kd2 Re5
54. Rd4 Kh6 55. f4 Re6 56. Rd8 Kh7 57. Rd3 Re4 58. Rf3 Kh6 59. Kd3 Re1 60. Rg3
g6 61. hxg6 Kxg6 62. Rg2 Kg7 63. Re2 Rg1 64. Ke4 Kg6 65. Kf3 Rf1+ 66. Rf2 Ra1
67. Kg3 Rg1+ 68. Kf3 Ra1 69. Rh2 Ra3+ 70. Kg2 Ra2+ 71. Kg3 Ra3+ 72. Kh4 f5 73.
gxf5+ Kxf5 74. Rh3 Rxh3+ 75. Kxh3 Kxf4 1/2-1/2

[Event "Qatar Masters Open 2023"]
[Site "Doha QAT"]
[Date "2023.10.17"]
[Round "6.32"]
[White "Vignesh, N R"]
[Black "Tan, Jun Ying"]
[Result "1/2-1/2"]
[WhiteTitle "GM"]
[BlackTitle "CM"]
[WhiteElo "2527"]
[BlackElo "2250"]
[WhiteFideId "25012215"]
[BlackFideId "5710413"]
[EventDate "2023.10.11"]

1. e4 c6 2. Nc3 d5 3. Nf3 Bg4 4. h3 Bxf3 5. Qxf3 e6 6. Be2 Bc5 7. Qg3 Bd4 8.
exd5 exd5 9. O-O Ne7 10. Qg4 Bf6 11. d4 Qd7 12. Qf4 Ng6 13. Qd2 O-O 14. Bg4 Qc7
15. Ne2 Nd7 16. Ng3 Nb6 17. Nh5 Be7 18. Qd3 Rfe8 19. f4 Nf8 20. f5 Nbd7 21. Bf4
Qd8 22. Qb3 Qb6 23. Rad1 Qxb3 24. axb3 Nf6 25. Nxf6+ Bxf6 26. Bf3 Rad8 27. g3 g5
28. Bc1 Nd7 29. Kg2 Kg7 30. Rd3 Nb6 31. h4 h6 32. Rh1 Rh8 33. Bd2 Nc8 34. hxg5
hxg5 35. Rxh8 Rxh8 36. g4 Nd6 37. Be1 Re8 38. Bg3 Ne4 39. Bh2 Rh8 40. c3 Rh4 41.
Bb8 a6 42. c4 Rh8 43. Be5 Rd8 44. cxd5 cxd5 45. Bxf6+ Kxf6 46. Bxe4 dxe4 47. Rd1
Rd5 48. Rd3 Rd8 1/2-1/2

[Event "Qatar Masters Open 2023"]
[Site "Doha QAT"]
[Date "2023.10.17"]
[Round "6.33"]
[White "Shyaamnikhil, P"]
[Black "Can, Emre"]
[Result "1/2-1/2"]
[WhiteTitle "IM"]
[BlackTitle "GM"]
[WhiteElo "2442"]
[BlackElo "2576"]
[WhiteFideId "5024218"]
[BlackFideId "6302181"]
[EventDate "2023.10.11"]

1. Nf3 d5 2. g3 g6 3. Bg2 Bg7 4. d4 Nf6 5. O-O O-O 6. c3 a5 7. Ne5 c6 8. Nd2
Nbd7 9. Nd3 Re8 10. e4 dxe4 11. Nxe4 Nxe4 12. Bxe4 e5 13. dxe5 Nxe5 14. Nxe5
Qxd1 15. Rxd1 Bxe5 16. Be3 a4 17. a3 Be6 18. Rd2 f5 19. Bg2 Bf6 20. Re1 Kf7 21.
h4 Bb3 22. Ree2 Rad8 23. Rxd8 Rxd8 24. Rd2 Rxd2 25. Bxd2 Ke6 26. Bf3 Bc4 27. Be3
Kd6 28. Bb6 h6 29. Be3 g5 30. hxg5 hxg5 31. Bd1 b5 32. Bc2 Ke6 33. f3 Be7 34.
Kf2 c5 35. Ke1 Kf6 36. Kd2 Bd6 37. f4 g4 38. Bf2 Ke6 39. Be3 Be7 40. Bf2 Bf8 41.
Be3 Bd5 42. Bd3 Bc6 43. Bf2 Bd7 44. Kc1 Kd5 45. Kd2 Bg7 46. Kc1 Bf6 47. Bb1 Kd6
48. Bd3 Kc6 49. Bb1 Kd6 50. Bc2 Bg7 51. Bb1 Kd5 52. Bd3 Bf6 53. Bb1 Be7 54. Bd3
c4 55. Bc2 Bc5 1/2-1/2

[Event "Qatar Masters Open 2023"]
[Site "Doha QAT"]
[Date "2023.10.17"]
[Round "6.34"]
[White "Rasulov, Vugar"]
[Black "Zou, Chen"]
[Result "0-1"]
[WhiteTitle "GM"]
[BlackTitle "IM"]
[WhiteElo "2560"]
[BlackElo "2418"]
[WhiteFideId "13402390"]
[BlackFideId "8610959"]
[EventDate "2023.10.11"]

1. e4 c5 2. Nf3 d6 3. d4 cxd4 4. Nxd4 Nf6 5. Nc3 a6 6. Bd3 e6 7. g4 b5 8. g5
Nfd7 9. Qe2 Bb7 10. Bd2 Nc5 11. a3 Nbd7 12. h4 Be7 13. O-O-O Qb6 14. Qe3 b4 15.
axb4 Qxb4 16. Kb1 Qb6 17. h5 Rb8 18. Bc1 Nxd3 19. cxd3 Nc5 20. f4 Kd7 21. f5 Nb3
22. fxe6+ fxe6 23. Nxb3 Qxb3 24. Rhf1 Rhc8 25. Qd4 Bxe4 26. dxe4 Rxc3 27. Rd2
Rb4 28. Qxg7 Qc4 29. Re1 Ra3 30. Rd4 Qa2+ 31. Kc2 Qb3+ 32. Kb1 Qa4 0-1

[Event "Qatar Masters Open 2023"]
[Site "Doha QAT"]
[Date "2023.10.17"]
[Round "6.35"]
[White "Munkhdalai, Amilal"]
[Black "Suleymenov, Alisher"]
[Result "1/2-1/2"]
[WhiteTitle "FM"]
[BlackTitle "GM"]
[WhiteElo "2409"]
[BlackElo "2512"]
[WhiteFideId "4903250"]
[BlackFideId "13707833"]
[EventDate "2023.10.11"]

1. e4 c5 2. Nf3 d6 3. d4 cxd4 4. Nxd4 Nf6 5. f3 e5 6. Nb3 d5 7. Bg5 d4 8. c3 Nc6
9. cxd4 Bb4+ 10. Bd2 O-O 11. Bxb4 Nxb4 12. Qd2 Nxe4 13. fxe4 Qh4+ 14. Kd1 Bg4+
15. Be2 Bxe2+ 16. Qxe2 exd4 17. N1d2 Rfe8 18. Rc1 Rad8 19. Qf3 Nxa2 20. Rc7 Re7
21. g3 Qg5 22. Rxe7 Qxe7 23. Ke2 Nb4 24. Rc1 d3+ 25. Kf1 Nc2 26. Kg2 Qe5 27. Rf1
f6 28. Qf4 Qb5 29. Kh1 Qb6 30. Qf2 Qxf2 31. Rxf2 Ne3 32. Rf3 Nd1 33. Rf1 Nxb2
34. Ra1 a6 35. Kg2 Rd6 36. Kf3 b5 37. Ke3 Nc4+ 38. Kf2 a5 39. Rc1 Rc6 40. Nd4
Rc5 41. N4b3 Rc6 42. Nd4 Rc5 43. N4b3 Rc6 44. Nd4 1/2-1/2

[Event "Qatar Masters Open 2023"]
[Site "Doha QAT"]
[Date "2023.10.17"]
[Round "6.36"]
[White "Krishna, C R G"]
[Black "Iniyan, P"]
[Result "1/2-1/2"]
[WhiteTitle "IM"]
[BlackTitle "GM"]
[WhiteElo "2407"]
[BlackElo "2510"]
[WhiteFideId "5018625"]
[BlackFideId "25002767"]
[EventDate "2023.10.11"]

1. d4 Nf6 2. c4 e6 3. g3 d5 4. Bg2 Bb4+ 5. Nd2 O-O 6. Nf3 b6 7. O-O Bb7 8. a3
Be7 9. cxd5 exd5 10. b4 a5 11. b5 a4 12. Qc2 c6 13. Nb1 cxb5 14. Nc3 Ne4 15.
Nxb5 Qd7 16. Qb2 Ba6 17. Nc3 Nxc3 18. Qxc3 Nc6 19. Qb2 f6 20. Re1 Na5 21. Nd2
Rab8 22. Qb1 Rfc8 23. e4 Rc3 24. Qb2 Rcc8 25. Qb1 Rc3 26. Qb2 Rcc8 27. Qb1 Rc3
28. Qb2 Rcc8 29. Qb1 Rc3 30. Qb2 Rcc8 1/2-1/2

[Event "Qatar Masters Open 2023"]
[Site "Doha QAT"]
[Date "2023.10.17"]
[Round "6.37"]
[White "Abdurakhmonov, Mukhammadali"]
[Black "Dai, Changren"]
[Result "1-0"]
[WhiteTitle "IM"]
[BlackTitle "GM"]
[WhiteElo "2405"]
[BlackElo "2507"]
[WhiteFideId "14207346"]
[BlackFideId "8608156"]
[EventDate "2023.10.11"]

1. d4 Nf6 2. Bg5 c5 3. d5 d6 4. Nc3 h6 5. Bxf6 exf6 6. e4 g6 7. Nf3 Bg7 8. Nd2
O-O 9. Bd3 Nd7 10. O-O Ne5 11. Be2 h5 12. f4 Ng4 13. Bxg4 Bxg4 14. Qe1 Bd7 15.
f5 b5 16. a4 b4 17. Ne2 g5 18. h4 Bc8 19. Ng3 Ba6 20. Rf3 g4 21. Nxh5 Bh6 22.
Rg3 Kh8 23. Rxg4 Qe7 24. e5 Qxe5 25. Qxe5 fxe5 26. Nc4 b3 27. c3 Bf4 28. Nxd6
Rad8 29. Nb5 Be3+ 30. Kh2 Rxd5 31. Nc7 Rd6 32. Nxa6 Rxa6 33. Re1 Bd2 34. Rxe5
Rg8 35. Rc4 Bc1 36. Re2 Rd8 37. g4 Rad6 38. Rxc5 Rd2 39. Rxd2 Rxd2+ 40. Kg3 Rd8
41. Rb5 Bxb2 42. Rxb3 Rd3+ 43. Kg2 Bxc3 44. g5 Rd2+ 45. Kf3 Be5 46. Ke4 Bc7 47.
Rb7 1-0

[Event "Qatar Masters Open 2023"]
[Site "Doha QAT"]
[Date "2023.10.17"]
[Round "6.38"]
[White "Bharath, Subramaniyam H"]
[Black "Song, Yuxin"]
[Result "1/2-1/2"]
[WhiteTitle "GM"]
[BlackTitle "WIM"]
[WhiteElo "2500"]
[BlackElo "2404"]
[WhiteFideId "46634827"]
[BlackFideId "8614300"]
[EventDate "2023.10.11"]

1. e4 c5 2. Nf3 d6 3. d4 cxd4 4. Nxd4 Nf6 5. Nc3 a6 6. Qd3 Nbd7 7. Be2 b5 8. Nd5
Bb7 9. a4 b4 10. Qc4 Nxd5 11. exd5 Qb6 12. Be3 Qc5 13. Qxc5 dxc5 14. Nc6 e6 15.
O-O-O Nf6 16. Bf3 Nxd5 17. Bxd5 exd5 18. Na5 O-O-O 19. c3 bxc3 20. bxc3 Ba8 21.
Nb3 Bc6 22. Nxc5 Bxc5 23. Bxc5 Bxa4 24. Rd4 Bb5 25. Re1 Rhe8 26. Rxe8 Rxe8 27.
Rxd5 Bc6 28. Rg5 g6 29. Be3 Kb7 30. h4 Re4 31. h5 Rh4 32. hxg6 1/2-1/2

[Event "Qatar Masters Open 2023"]
[Site "Doha QAT"]
[Date "2023.10.17"]
[Round "6.39"]
[White "Mohammad Fahad, Rahman"]
[Black "Chanda, Sandipan"]
[Result "1/2-1/2"]
[WhiteTitle "IM"]
[BlackTitle "GM"]
[WhiteElo "2396"]
[BlackElo "2496"]
[WhiteFideId "10207791"]
[BlackFideId "5004225"]
[EventDate "2023.10.11"]

1. d4 f5 2. Nf3 Nf6 3. g3 g6 4. Bg2 Bg7 5. O-O O-O 6. c4 e6 7. Nc3 d5 8. cxd5
exd5 9. Bg5 c6 10. b4 Qd6 11. b5 Ne4 12. Rc1 Be6 13. Na4 cxb5 14. Nc5 Nd7 15.
Bf4 Qe7 16. Nxe6 Qxe6 17. Qb3 Nb6 18. Qxb5 Rfc8 19. Ng5 Qe8 20. Qb3 Kh8 21. Nxe4
dxe4 22. d5 Be5 23. Bg5 Qf7 24. f3 Rxc1 25. Bxc1 exf3 26. Bxf3 Qg7 27. Rd1 Nc8
28. d6 Nxd6 29. Rd5 Rc8 30. Ba3 Nf7 31. Qxb7 Rd8 32. Kg2 Rxd5 33. Bxd5 Nd8 34.
Qe7 1/2-1/2

[Event "Qatar Masters Open 2023"]
[Site "Doha QAT"]
[Date "2023.10.17"]
[Round "6.40"]
[White "Arhan, Chethan Anand"]
[Black "Samadov, Read"]
[Result "0-1"]
[WhiteTitle "FM"]
[BlackTitle "IM"]
[WhiteElo "2395"]
[BlackElo "2492"]
[WhiteFideId "45062510"]
[BlackFideId "13417444"]
[EventDate "2023.10.11"]

1. e4 c5 2. Nf3 d6 3. d4 cxd4 4. Nxd4 Nf6 5. Nc3 a6 6. h3 e5 7. Nf3 Be7 8. g4 h6
9. Rg1 g5 10. Nd2 Be6 11. Nc4 Nxe4 12. Nxe4 d5 13. Ne3 dxe4 14. Qxd8+ Bxd8 15.
Bg2 Nd7 16. Bxe4 Nc5 17. Bd5 Ba5+ 18. Ke2 O-O-O 19. Rd1 h5 20. c3 Kb8 21. Bxe6
Rxd1 22. Bxf7 Rd7 23. Bd5 hxg4 24. hxg4 e4 25. b4 Nd3 26. Bxe4 Nf4+ 27. Kf1 Bb6
28. c4 Re7 29. Bf3 Reh7 30. Kg1 Bd4 31. Rb1 Rh3 32. Nf5 Rxf3 33. Nxd4 Nh3+ 34.
Kg2 Rxf2+ 35. Kg3 Rf1 36. Ne6 Rg1+ 37. Kf3 Re8 38. Nd4 Ree1 39. Nb3 Kc8 40. Ra1
Ref1+ 41. Ke2 Rf2+ 42. Kd3 Rg3+ 43. Be3 Rff3 44. Re1 Nf4+ 45. Kd2 Ng2 46. Bxg5
Nxe1 47. Kxe1 Rxg4 48. Bd2 Rxc4 49. Ke2 Rh3 50. Kd1 Rh1+ 51. Ke2 Rc2 52. Kd3
Rxa2 53. Nc1 Rh3+ 0-1

[Event "Qatar Masters Open 2023"]
[Site "Doha QAT"]
[Date "2023.10.17"]
[Round "6.41"]
[White "Bai, Adelard"]
[Black "Abdisalimov, Abdimalik"]
[Result "0-1"]
[WhiteTitle "FM"]
[BlackTitle "GM"]
[WhiteElo "2395"]
[BlackElo "2487"]
[WhiteFideId "16301188"]
[BlackFideId "14206323"]
[EventDate "2023.10.11"]

1. d4 e6 2. c4 b6 3. Nf3 Bb7 4. g3 Bb4+ 5. Nc3 Bxc3+ 6. bxc3 Ne7 7. Bg2 d6 8.
O-O O-O 9. Qc2 Bxf3 10. Bxf3 Nbc6 11. Rd1 Rc8 12. Be4 h6 13. Bf4 Qe8 14. Rab1 f5
15. Bg2 e5 16. Bc1 Na5 17. dxe5 dxe5 18. c5 Kh8 19. c4 e4 20. Qc3 Qc6 21. Ba3
Rf7 22. Rd2 Qe6 23. Rc1 Nb7 24. cxb6 cxb6 25. Rcd1 Rxc4 26. Qb3 Na5 27. Qb5 Qc6
28. Qe5 Ng6 29. Qb8+ Kh7 30. Bh3 Qa4 31. Bb2 Rc2 32. Qd8 Rxd2 33. Rxd2 Nc4 34.
Rd4 Qxa2 35. Qd5 Qb1+ 36. Kg2 Nce5 37. Rb4 Rd7 38. Qe6 Qe1 39. Rd4 Rxd4 40. Bxd4
Nf3 41. Bxf5 Qg1+ 42. Kh3 Ng5+ 43. Kg4 Nxe6 0-1